ბათუმის შოთა რუსთაველის სახელმწიფო უნივერსიტეტის ბიბლიოთეკა

Международное уголовное право : (ბიბ.ჩანაწერი № 36826)

000 -LEADER
fixed length control field 00824nam a2200229Ia 4500
001 - CONTROL NUMBER
control field 2769
003 - CONTROL NUMBER IDENTIFIER
control field GE_BSU
005 - DATE AND TIME OF LATEST TRANSACTION
control field 20221027142328.0
008 - FIXED-LENGTH DATA ELEMENTS--GENERAL INFORMATION
fixed length control field 181216s1999ru xx |||||||||||||| ||rus||
020 ## - INTERNATIONAL STANDARD BOOK NUMBER
International Standard Book Number 5889141295
040 ## - CATALOGING SOURCE
Transcribing agency GE_BSU
041 ## - LANGUAGE CODE
Language code of text/sound track or separate title rus
080 ## - UNIVERSAL DECIMAL CLASSIFICATION NUMBER
Universal Decimal Classification number 343(075.8) Л-84
100 ## - MAIN ENTRY--PERSONAL NAME
Personal name Лукашук И.И.
9 (RLIN) 15589
245 ## - TITLE STATEMENT
Title Международное уголовное право :
Remainder of title Уч-к для юридических фак-в /
Statement of responsibility, etc. И.И. Лукашук, А.В. Наумов.
264 ## - PRODUCTION, PUBLICATION, DISTRIBUTION, MANUFACTURE, AND COPYRIGHT NOTICE
Place of production, publication, distribution, manufacture Москва :
Name of producer, publisher, distributor, manufacturer Спарк,
Date of production, publication, distribution, manufacture, or copyright notice 1999.
300 ## - PHYSICAL DESCRIPTION
Extent 287стр.
Other physical details 20 см.
653 ## - INDEX TERM--UNCONTROLLED
keyword Международое уголовное право
653 ## - INDEX TERM--UNCONTROLLED
keyword საერთაშორისო სისხლის სამართალი
700 ## - ADDED ENTRY--PERSONAL NAME
Personal name Наумов, А.В.
9 (RLIN) 15590
942 ## - ADDED ENTRY ELEMENTS (KOHA)
Koha item type წიგნი
Source of classification or shelving scheme
ეგზემპლარები
Withdrawn status Lost status Source of classification or shelving scheme Damaged status Not for loan Permanent Location Current Location Shelving location Date acquired Cost, normal purchase price Full call number Barcode Date last seen Copy number Price effective from Koha item type Public note
          ბათუმის შოთა რუსთაველის სახელმწიფო უნივერსიტეტის მთავარი ბიბლიოთეკა ბათუმის შოთა რუსთაველის სახელმწიფო უნივერსიტეტის მთავარი ბიბლიოთეკა წიგნსაცავი 2018-12-17 8.00 343(075.8) Л-84 4772 2018-12-17 4772 2018-12-17 წიგნი 8.00